00234nam a2200097Ia 4500008004100000100001800041245003100059260002200090942000700112999001700119190216s9999||||xx |||||||||||||| ||und|| aSreenivas T R 0aVaithyutha Prathishtapanam bKerala Basha Inst cBK c37774d37774